Tilastot visalle Maailman suosituimmat matkailumaat

Klikkaa tästä pelataksesi tätä visaa!

Yleistilastot

  • Tätä visaa on pelattu 4 286 kertaa
  • Keskiarvotulos 18 / 24

Vastaustilastot

SaapumisiaValtio% Oikein
79,6 milj.Yhdysvallat
99%
82,8 milj.Espanja
97%
89,4 milj.Ranska
97%
62,9 milj.Kiina
96%
38,9 milj.Saksa
95%
62,1 milj.Italia
94%
31,1 milj.Japani
93%
24,6 milj.Venäjä
91%
21,1 milj.Kanada
90%
30,1 milj.Kreikka
87%
36,3 milj.Yhdistynyt kuningaskunta
85%
41,4 milj.Meksiko
84%
38,3 milj.Thaimaa
83%
17,4 milj.Intia
82%
22,8 milj.Portugali
78%
45,8 milj.Turkki
74%
19,6 milj.Puola
68%
19,0 milj.Alankomaat
55%
30,8 milj.Itävalta
53%
15,5 milj.Vietnam
51%
16,6 milj.Kroatia
47%
15,9 milj.Yhdistyneet arabiemiirikunnat
37%
25,8 milj.Malesia
34%
17,1 milj.Unkari
32%

Tulosjakauma

Persentiili vastausten määrän mukaan

Jokaisen tuloksen saaneiden osuus

Tuloshistoriasi

Et ole pelannut tätä visaa